| 000 | 01022nam a22001937a 4500 | ||
|---|---|---|---|
| 999 |
_c59552 _d59552 |
||
| 003 | Ge_BSU | ||
| 005 | 20230314112609.0 | ||
| 008 | 230314s1996 ge ||||| |||| 00| 0 geo d | ||
| 041 | _ageo | ||
| 080 | _a347.96(479.22) ს-42 | ||
| 245 |
_aსერგო ჯორბენაძე 70 საიუბილეო კრებული = Sergo Djorbenadze 70 Festschrift / _cშემდგენლები და რედაქტორები: როლფ კნიპერი, ლადო ჭანტურია. |
||
| 264 |
_aთბილისი : _bნორმა, _c1996. |
||
| 300 |
_a420 გვ.; _b21 სმ. |
||
| 653 | _aსერგო ჯორბენაძე 70 | ||
| 653 | _aსაიუბილეო კრებული | ||
| 700 |
_aკნაპერი, როლფ _eშემდგენელი. რედაქტორი _917199 |
||
| 700 |
_aჭანტურია, ლადო _eშემდგენელი. რედაქტორი _917200 |
||
| 942 |
_2udc _cBK |
||